书目信息 |
| 题名: |
潜水宝典
|
|
| 作者: | 杭行 主编 | |
| 分册: | ||
| 出版信息: | 北京 海洋出版社 2021.5 |
|
| 页数: | 309页 | |
| 开本: | 27cm | |
| 丛书名: | ||
| 单 册: | ||
| 中图分类: | P754.3 | |
| 科图分类: | ||
| 主题词: | 潜水--基本知识 | |
| 电子资源: | ||
| ISBN: | 978-7-5210-0013-9 | |
| 000 | 00986nam0 2200253 45 | |
| 001 | 012001000807 | |
| 005 | 20130912082212.0 | |
| 010 | @a978-7-5210-0013-9@dCNY138.00 | |
| 100 | @a20180621d2018 em y0chiy50 ea | |
| 101 | 0 | @achi |
| 102 | @aCN@b110000 | |
| 105 | @aa z 000yy | |
| 106 | @ar | |
| 200 | 1 | @a潜水宝典@Aqian shui bao dian@b专著@dDiving book@f杭行主编@zeng |
| 210 | @a北京@c海洋出版社@d2021.5 | |
| 215 | @a309页@c图,照片@d27cm | |
| 300 | @a并列题名:Diving book | |
| 330 | @a本书内容主要涉及六大方面:潜水环境的科学常识,海洋环境相关知识;潜水常用装备的使用和选购;潜水必备的技能技巧;洞穴,沉船,放流,冰潜,淡水等不同的潜水类别介绍和潜地推荐;不同类别的海洋生物特征及潜地分布;最后一部分详细列举了国内潜水员最常去的14个潜水国家和地区,精选了最受推崇的潜点供读者参考。 | |
| 510 | 1 | @aDiving book@zeng |
| 606 | 0 | @a潜水@x基本知识 |
| 690 | @aP754.3@v5 | |
| 701 | 0 | @a杭行@Ahang xing@4主编 |
| 801 | 0 | @aCN@bBJSDL@c20211011 |
| 905 | @b1335934-7@dP754.3@e126@f4 | |
| 潜水宝典=Diving book/杭行主编.-北京:海洋出版社,2021.5 |
| 309页:图,照片;27cm |
| 并列题名:Diving book |
| ISBN 978-7-5210-0013-9:CNY138.00 |
| 本书内容主要涉及六大方面:潜水环境的科学常识,海洋环境相关知识;潜水常用装备的使用和选购;潜水必备的技能技巧;洞穴,沉船,放流,冰潜,淡水等不同的潜水类别介绍和潜地推荐;不同类别的海洋生物特征及潜地分布;最后一部分详细列举了国内潜水员最常去的14个潜水国家和地区,精选了最受推崇的潜点供读者参考。 |
| ● |
| 相关链接 |
|
|
|
|
正题名:潜水宝典
索取号:P754.3/126
 
预约/预借
| 序号 | 登录号 | 条形码 | 馆藏地/架位号 | 状态 | 备注 |
| 1 | 1335934 | 213359346 | 第二样本阅览室/ [索取号:P754.3/126] | 在馆 | |
| 2 | 1335935 | 213359355 | 第三借阅区/ [索取号:P754.3/126] | 在馆 | |
| 3 | 1335936 | 213359364 | 第三借阅区/ [索取号:P754.3/126] | 在馆 | |
| 4 | 1335937 | 213359373 | 第三借阅区/ [索取号:P754.3/126] | 在馆 |